000 01585naa a22004217a 4500
001 BR7405526
003 BR-BrBNA
005 20240918173630.0
007 ta
008 230509b bl.||||| |||| 00| 0 por d
040 _aBR-BrBNA
_bpor
_cBiblioteca Nacional de Agricultura
041 _a(Pt)
072 _aF00; L30
_b1910
_b0140
_b1951
_b8951
_b5212
090 _aF00 BR7405526
100 1 _aBarreto, I.L.
100 1 _aSchool, J.
100 1 _aLobato, J.F.P.
100 1 _aPaim, N.R.
111 1 _a11. Reuniao da Sociedade Brasileira de Zootecnia
_cFortaleza, CE (Brazil)
_d22 Jul 1974
245 1 _aAveia e trevo branco introduzidos em pastagens permanentes de estacao quente como forma de producao de forragem durante o periodo invernoso [Avena spp; Trifolium repens; Bovino; Plantio; Pastejo]
260 3 _aFortaleza, CE (Brasil):
_bUniversidade Federal do Ceara,
_c1974.
500 _aAnais da 11. Reuniao da Sociedade Brasileira de Zootecnia Fortaleza, CE (Brasil): Universidade Federal do Ceara, 1974. p. 316-317 (BR7405526-AM)F00
650 _aProducao vegetal
650 _aNutricao animal
650 _aPastagem
650 _aAveia
650 _aTrevo branco
650 _aForragem
650 _aBovino
650 _aPlantio
650 _aConsorciacao de cultura
650 _aCultura de inverno
650 _aPastejo
650 _aGanho de peso
773 0 _tAnais da 11. Reuniao da Sociedade Brasileira de Zootecnia
_wF00 BR7405526
_gFortaleza, CE (Brasil), 1974. p. 316-317
909 _a202404
_bLucia
_c55
_dLucia Elande
942 _cAM
_2AGRIS
999 _c305862
_d305862